000
00298nam a22001217a 4500
008
181031b xxu||||| |||| 00| 0 eng d
041
_a
eng
080
_2
10 TH
_a
030
100
_a
24
101
_a
ENC
245
_a
Encyclopedia Of Carers And Vocational Guidance
_c
Benet.C.M
942
_2
udc
_c
BK
999
_c
51356
_d
51356